| 000 | 00494nam a22001577a 4500 | ||
|---|---|---|---|
| 008 | 230628b |||||||| |||| 00| 0 eng d | ||
| 040 |
_aNational Science Library _cNational Science Library |
||
| 080 |
_a929.9 _bN9 |
||
| 100 | _aNeelam, Kalda | ||
| 245 | _aराष्ट्रीय ध्वज की गौरव गाथा | ||
| 246 | _aRastriya dhwj ki gourav gatha | ||
| 260 |
_aDelhi: _bAnil Prakashan, _c1999 |
||
| 300 | _a48p. | ||
| 650 | _aNational flag | ||
| 942 |
_2udc _cHBK |
||
| 999 |
_c48268 _d48268 |
||